eCommerce : a practical guide to the law (Record no. 101883)
[ view plain ]
| 000 -LEADER | |
|---|---|
| fixed length control field | 00924cam a2200277 4500 |
| 008 - FIXED-LENGTH DATA ELEMENTS--GENERAL INFORMATION | |
| fixed length control field | 020204n 000 0 eng u |
| 020 ## - INTERNATIONAL STANDARD BOOK NUMBER | |
| International Standard Book Number | 0566082764 |
| 035 ## - SYSTEM CONTROL NUMBER | |
| System control number | (Sirsi) u116585 |
| 050 ## - LIBRARY OF CONGRESS CALL NUMBER | |
| Classification number | 344.4109944 |
| 100 ## - MAIN ENTRY--PERSONAL NAME | |
| Personal name | Singleton, S. |
| 245 ## - TITLE STATEMENT | |
| Title | eCommerce : a practical guide to the law |
| 260 ## - PUBLICATION, DISTRIBUTION, ETC. | |
| Place of publication, distribution, etc. | Aldershot |
| Name of publisher, distributor, etc. | Gower $2 001 |
| 300 ## - PHYSICAL DESCRIPTION | |
| Extent | xiii,140p. |
| Dimensions | 25cm. |
| 350 ## - PRICE (NR) (BK AM CF MU VM SE) [OBSOLETE] | |
| Price | 45.00 |
| 520 ## - SUMMARY, ETC. | |
| Summary, etc. | Provides a summary of the legal issues surrounding electronic commerce. Includes chapters on the use of email and the internet at work, intellectual copyright, jurisdiction and advertising on the internet, and contracting on the internet. |
| 650 ## - SUBJECT ADDED ENTRY--TOPICAL TERM | |
| Topical term or geographic name entry element | E-COMMERCE |
| 650 ## - SUBJECT ADDED ENTRY--TOPICAL TERM | |
| Topical term or geographic name entry element | E-COMMERCE DIRECTIVE |
| 650 ## - SUBJECT ADDED ENTRY--TOPICAL TERM | |
| Topical term or geographic name entry element | ELECTRONIC COMMERCE |
| 650 ## - SUBJECT ADDED ENTRY--TOPICAL TERM | |
| Topical term or geographic name entry element | ELECTRONIC CONTRACTS |
| 650 ## - SUBJECT ADDED ENTRY--TOPICAL TERM | |
| Topical term or geographic name entry element | |
| 650 ## - SUBJECT ADDED ENTRY--TOPICAL TERM | |
| Topical term or geographic name entry element | INTELLECTUAL PROPERTY |
| 650 ## - SUBJECT ADDED ENTRY--TOPICAL TERM | |
| Topical term or geographic name entry element | INTERNET |
| 650 ## - SUBJECT ADDED ENTRY--TOPICAL TERM | |
| Topical term or geographic name entry element | JURISDICTION |
| 690 ## - LOCAL SUBJECT ADDED ENTRY--TOPICAL TERM (OCLC, RLIN) | |
| Topical term or geographic name as entry element | LAW-UK |
| 942 ## - ADDED ENTRY ELEMENTS (KOHA) | |
| Suppress in OPAC | 0 |
| Withdrawn status | Lost status | Source of classification or shelving scheme | Damaged status | Not for loan | Home library | Current library | Shelving location | Date acquired | Cost, normal purchase price | Total Checkouts | Full call number | Barcode | Date last seen | Date last checked out | Copy number | Cost, replacement price | Price effective from | Koha item type |
|---|---|---|---|---|---|---|---|---|---|---|---|---|---|---|---|---|---|---|
| Dewey Decimal Classification | London | London | Books | 15/02/2002 | 38.25 | 5 | 343.4109944 SIN | 30065359 | 06/08/2019 | 12/01/2006 | 1 | 38.25 | 06/08/2019 | Book |